| 000 | 00555nam a2200181Ia 4500 | ||
|---|---|---|---|
| 008 | 100917s9999 xx 000 0 und d | ||
| 082 | _b39372 | ||
| 100 | _aपाठक ग. रा. | ||
| 245 | _aभीम क्टोत्कच एकलव्य | ||
| 260 |
_bअभय साहित्य _c1979 |
||
| 300 | _a59 | ||
| 365 | _b50 | ||
| 520 | _aनाटक | ||
| 630 | _aभीम क्टोत्कच एकलव्य | ||
| 650 | _aनाटक | ||
| 730 | _aभीम क्टोत्कच एकलव्य | ||
| 942 | _cBOOK | ||
| 999 |
_c644766 _d644763 |
||